000 00396cam a2200145ua 4500
003 OSt
008 221105b |||||||| |||| 00| 0 eng d
041 _aeng
082 _a334.01
_bRED
245 _aReport of the committee on Takavi Loan and cooperative credit /
250 _a1 /
260 _a :
_bMinistry of community development & cocoperation ,
_c1962.
300 _a113 ; .
942 _cBK
999 _c3359
_d3359